[Event "Frankfurt Ch A 2018"]
[Site "Ffm-Höchst, BiKuZ"]
[Date "2018.06.04"]
[Round "5.18"]
[White "Bischoff, Ulrich"]
[Black "Kretner, Georg-Ulrich"]
[Result "1-0"]
[WhiteElo "1991"]
[BlackElo "1850"]
[PlyCount "41"]
[EventDate "2018.??.??"]
[WhiteTeam "Sfr. Erbach"]
[BlackTeam "SC Bad Nauheim"]

1. e4 g6 2. d4 Bg7 3. Nc3 d6 4. f4 Nf6 5. Nf3 O-O 6. Bd3 e5 7. dxe5 Ne8 8. Be3
Bg4 9. h3 Bxf3 10. Qxf3 dxe5 11. f5 Nc6 12. O-O-O Nd4 13. Qf2 c6 14. g4 Nd6 15.
g5 N6b5 16. Nb1 gxf5 17. exf5 Re8 18. c3 e4 19. Bxb5 cxb5 20. Bxd4 Qxg5+ 21.
Qe3 1-0

[Event "Frankfurt Ch A 2018"]
[Site "Ffm-Höchst, BiKuZ"]
[Date "2018.06.04"]
[Round "5.19"]
[White "Adair, Robin"]
[Black "Kuban, Günther"]
[Result "1/2-1/2"]
[WhiteElo "1811"]
[BlackElo "1967"]
[PlyCount "69"]
[EventDate "2018.??.??"]
[WhiteTeam "SC Nidderau"]
[BlackTeam "SV Oberursel"]

1. c4 Nf6 2. Nc3 e5 3. g3 c6 4. Bg2 Bc5 5. e3 O-O 6. Nge2 Re8 7. d4 exd4 8.
exd4 Bb4 9. O-O d6 10. a3 Ba5 11. b4 Bc7 12. Qc2 Bg4 13. h3 Bxe2 14. Nxe2 d5
15. Bg5 dxc4 16. Qxc4 Nbd7 17. Rfe1 Nb6 18. Qd3 h6 19. Bd2 Qd7 20. Rac1 a6 21.
Nc3 Rxe1+ 22. Rxe1 Re8 23. Be3 Qe6 24. Rd1 g5 25. a4 Bxg3 26. b5 axb5 27. axb5
Nbd5 28. Bd2 Bc7 29. bxc6 bxc6 30. Nxd5 cxd5 31. Re1 Qd6 32. Rxe8+ Nxe8 33. Qf5
Nf6 34. h4 Ne4 35. Bxe4 1/2-1/2

[Event "Frankfurt Ch A 2018"]
[Site "Ffm-Höchst, BiKuZ"]
[Date "2018.06.04"]
[Round "5.20"]
[White "Münstermann, Matthias"]
[Black "Kolker, Vladislav"]
[Result "1/2-1/2"]
[WhiteElo "1623"]
[BlackElo "1931"]
[PlyCount "40"]
[EventDate "2018.??.??"]
[WhiteTeam "SK Langen"]
[BlackTeam "SC Bad Nauheim"]

1. d4 Nf6 2. c4 g6 3. Nc3 Bg7 4. e4 d6 5. f3 O-O 6. Be3 Nc6 7. Qd2 a6 8. Bd3 e5
9. Nge2 exd4 10. Nxd4 Ne5 11. O-O-O c6 12. Be2 b5 13. h4 Nxc4 14. Bxc4 bxc4 15.
Nxc6 Qe8 16. Qxd6 Be6 17. g4 h5 18. gxh5 Nxh5 19. Rd2 Kh7 20. Rhd1 f5 1/2-1/2

[Event "Frankfurt Ch A 2018"]
[Site "Ffm-Höchst, BiKuZ"]
[Date "2018.06.04"]
[Round "5.22"]
[White "Rutsatz, Mario"]
[Black "Fröhlich-Dill, Astrid"]
[Result "1-0"]
[WhiteElo "1941"]
[BlackElo "1786"]
[PlyCount "107"]
[EventDate "2018.??.??"]
[WhiteTeam "SF Frankfurt"]
[BlackTeam "SV Hofheim"]

1. e4 g6 2. d4 Bg7 3. Nc3 d6 4. Be3 Nc6 5. Qd2 e5 6. d5 Nd4 7. Nge2 Nxe2 8.
Bxe2 f5 9. exf5 Bxf5 10. O-O-O a6 11. f4 Qe7 12. g4 Bd7 13. h4 exf4 14. Bxf4
O-O-O 15. Rde1 Be5 16. Bxe5 dxe5 17. g5 Bf5 18. Qe3 Kb8 19. Bf3 h6 20. Rhf1
hxg5 21. hxg5 Rh2 22. Bd1 Re8 23. Qg3 Rh3 24. Qg2 Rh4 25. Re3 Bg4 26. Ne4 Bf5
27. Rfe1 Qh7 28. d6 Bxe4 29. dxc7+ Qxc7 30. Rxe4 Rxe4 31. Qxe4 Re6 32. Bg4 Rc6
33. Bd1 Re6 34. c3 Qe7 35. Qe3 Qg7 36. Bb3 Re8 37. Qg3 Kc8 38. Bd5 Kb8 39. Kb1
Qf8 40. Be4 Qf7 41. Qd3 Re6 42. Rf1 Qe8 43. Qd5 Re7 44. Rd1 Rc7 45. Qd8+ Qxd8
46. Rxd8+ Rc8 47. Rxc8+ Kxc8 48. Bxg6 Ne7 49. Be4 Kd8 50. Bxb7 a5 51. Be4 Ke8
52. b4 axb4 53. cxb4 Nc8 54. Kc2 1-0

[Event "Frankfurt Ch A 2018"]
[Site "Ffm-Höchst, BiKuZ"]
[Date "2018.06.04"]
[Round "5.23"]
[White "Kuhn, Gerhard"]
[Black "Worzelberger, Armin"]
[Result "1-0"]
[WhiteElo "1927"]
[BlackElo "1762"]
[PlyCount "71"]
[EventDate "2018.??.??"]
[WhiteTeam "SK Marburg"]
[BlackTeam "SC Brett vorm Kopp"]

1. e4 c5 2. c3 e6 3. d4 d5 4. exd5 exd5 5. Nf3 Nc6 6. Be2 Nf6 7. O-O Bd6 8. Bg5
Be6 9. dxc5 Bxc5 10. Nbd2 h6 11. Bh4 O-O 12. Nb3 Bb6 13. Nfd4 g5 14. Bg3 Ne4
15. Qd3 Kg7 16. Rad1 Rc8 17. Bf3 Nxg3 18. hxg3 Ne5 19. Qe3 Qf6 20. Rfe1 Nc4 21.
Nxe6+ fxe6 22. Qxe6 Bxf2+ 23. Kxf2 Qxe6 24. Rxe6 g4 25. Rxd5 Rc7 26. Rc5 Rxc5
27. Nxc5 gxf3 28. gxf3 Nxb2 29. Re7+ Kg6 30. Ne4 Rb8 31. Ke2 a5 32. Re6+ Kg7
33. g4 b5 34. Ra6 Nc4 35. Ra7+ Kg6 36. f4 1-0

[Event "Frankfurt Ch A 2018"]
[Site "Ffm-Höchst, BiKuZ"]
[Date "2018.06.04"]
[Round "5.24"]
[White "Pham, Phuong-Bao"]
[Black "Teschler, Ulrich"]
[Result "1/2-1/2"]
[WhiteElo "1757"]
[BlackElo "1925"]
[PlyCount "159"]
[EventDate "2018.??.??"]
[WhiteTeam "Frankfurter TV"]
[BlackTeam "SV Fechenheim"]

1. e4 e6 2. d4 d5 3. Nc3 Nf6 4. e5 Nfd7 5. f4 c5 6. Nf3 Nc6 7. Be3 a6 8. Be2 b5
9. O-O b4 10. Na4 Qa5 11. c4 bxc3 12. bxc3 Rb8 13. Qc2 cxd4 14. Nxd4 Qc7 15.
Nxc6 Qxc6 16. Rab1 Rb4 17. Rxb4 Bxb4 18. Bd3 Be7 19. Rb1 h6 20. Nb6 Nc5 21. c4
Nxd3 22. Qxd3 dxc4 23. Qxc4 Qxc4 24. Nxc4 O-O 25. Bb6 Bb7 26. Nd6 Bd5 27. a4 f6
28. Rc1 fxe5 29. fxe5 Bg5 30. Rc8 Bf4 31. Rxf8+ Kxf8 32. Bd4 Bc6 33. g3 Bc1 34.
a5 Bd5 35. Kf2 Bd2 36. Bc5 Kg8 37. Bb6 Bc3 38. Ke3 Bxe5 39. Ne4 Bxe4 40. Kxe4
Bd6 41. Kf3 Kf7 42. h3 Ke7 43. g4 Kd7 44. Ke4 g6 45. Kd4 Bc7 46. Bxc7 Kxc7 47.
Ke5 g5 48. Kxe6 Kc6 49. Kf5 Kb5 50. Kg6 Kxa5 51. Kxh6 Kb6 52. Kxg5 a5 53. Kh6
a4 54. g5 a3 55. g6 a2 56. g7 a1=Q 57. g8=Q Kc6 58. Qe6+ Kc7 59. Qe7+ Kc6 60.
h4 Qh8+ 61. Qh7 Qf8+ 62. Qg7 Qf5 63. Qg5 Qf8+ 64. Kh7 Kd6 65. Qg6+ Ke7 66. Qg7+
Ke8 67. h5 Qf5+ 68. Qg6+ Qf7+ 69. Kh6 Kf8 70. Qd6+ Kg8 71. Qg3+ Kf8 72. Qb8+
Ke7 73. Qc7+ Kf8 74. Qd6+ Ke8 75. Qc6+ Ke7 76. Qg6 Qf6 77. Qxf6+ Kxf6 78. Kh7
Kf7 79. Kh8 Kf8 80. h6 1/2-1/2

[Event "Frankfurt Ch A 2018"]
[Site "Ffm-Höchst, BiKuZ"]
[Date "2018.06.04"]
[Round "5.25"]
[White "Zimmer, Gerald"]
[Black "Hinz, André"]
[Result "1/2-1/2"]
[WhiteElo "1904"]
[BlackElo "1746"]
[PlyCount "120"]
[EventDate "2018.??.??"]
[WhiteTeam "SC Bergen-Enkheim"]
[BlackTeam "SC Brett vorm Kopp"]

1. d4 Nc6 2. Bf4 d6 3. Nf3 Nf6 4. h3 g6 5. e3 Bg7 6. c3 O-O 7. Bd3 Nd7 8. e4 e5
9. Be3 exd4 10. cxd4 Re8 11. Nc3 a6 12. Rc1 b5 13. Nd5 Bb7 14. O-O Rc8 15. Re1
Ne7 16. Nf4 c5 17. Qb3 Rc7 18. Qa3 Qc8 19. b3 h6 20. Qb2 d5 21. exd5 Nxd5 22.
Nxd5 Bxd5 23. Be2 Nb6 24. Ne5 c4 25. bxc4 Bxc4 26. Bf4 Rce7 27. Qd2 Qe6 28. Bg4
f5 29. Bf3 g5 30. Nd3 Qg6 31. Rxe7 Rxe7 32. Ne5 Qe6 33. Bh2 f4 34. Bg4 Qd6 35.
Nf3 Re2 36. Qd1 Rxa2 37. Qe1 Re2 38. Qa5 Ra2 39. Qe1 Nd5 40. Qe8+ Qf8 41. Qe6+
Kh8 42. Ne5 Bxe5 43. Qxe5+ Qf6 44. Qe8+ Kg7 45. Be6 Ne7 46. Bxc4 bxc4 47. Re1
Nf5 48. g4 Qxd4 49. Re7+ Nxe7 50. Qxe7+ Kg6 51. Qe8+ Kh7 52. Qf7+ Qg7 53. Qf5+
Kg8 54. Qc8+ Kh7 55. Qf5+ Kh8 56. Qc8+ Qg8 57. Qf5 Ra1+ 58. Kg2 Qa8+ 59. f3
Ra2+ 60. Kg1 Qa7+ 1/2-1/2

[Event "Frankfurt Ch A 2018"]
[Site "Ffm-Höchst, BiKuZ"]
[Date "2018.06.04"]
[Round "5.26"]
[White "Vega Lopez de Nava, Cesar Octavio"]
[Black "Hitzer, Dieter"]
[Result "1/2-1/2"]
[WhiteElo "1901"]
[BlackElo "1725"]
[PlyCount "90"]
[EventDate "2018.??.??"]
[WhiteTeam "SC Flörsheim"]
[BlackTeam "Bad Vilbeler Sfr"]

1. e4 c5 2. Nf3 e6 3. d4 cxd4 4. Nxd4 Nc6 5. Nc3 Qc7 6. g3 a6 7. Bg2 d6 8. O-O
Bd7 9. Nb3 Nf6 10. Be3 Ne5 11. a4 Rc8 12. a5 Nc4 13. Bc1 Be7 14. f4 e5 15. f5
h6 16. Qe2 b6 17. axb6 Qxb6+ 18. Kh1 O-O 19. g4 Bb5 20. Nxb5 axb5 21. h4 Nh7
22. g5 hxg5 23. hxg5 Bxg5 24. Qh5 Bxc1 25. Raxc1 Qe3 26. Qd1 Qh6+ 27. Kg1 Ne3
28. Qd3 Nxf1 29. Rxf1 Rfd8 30. Kf2 Nf6 31. Rh1 Qf4+ 32. Ke1 Ng4 33. Qe2 Qe3 34.
c3 b4 35. Rh3 Qxe2+ 36. Kxe2 bxc3 37. bxc3 Rb8 38. Nd2 Rb2 39. Rg3 Nf6 40. c4
Ra8 41. Rd3 Ra6 42. Bf3 Kf8 43. Ke3 Ke7 44. c5 dxc5 45. Nc4 Rba2 1/2-1/2

[Event "Frankfurt Ch A 2018"]
[Site "Ffm-Höchst, BiKuZ"]
[Date "2018.06.04"]
[Round "5.27"]
[White "Makilla, Tobias"]
[Black "Stuhlmann, Florian"]
[Result "0-1"]
[WhiteElo "1900"]
[BlackElo "1699"]
[PlyCount "100"]
[EventDate "2018.??.??"]
[WhiteTeam "SC Hattersheim"]
[BlackTeam "SC Lindenholzhausen"]

1. e4 c5 2. Nf3 e6 3. d4 cxd4 4. Nxd4 Nc6 5. Nc3 Qc7 6. Ndb5 Qb8 7. Be3 Nf6 8.
Be2 a6 9. Bb6 axb5 10. Nxb5 Ra4 11. Nc7+ Ke7 12. c4 Rb4 13. c5 Rd4 14. Qc1 Nxe4
15. f3 Nf6 16. O-O Nd5 17. Nb5 Nxb6 18. cxb6 Rd5 19. Nc7 Rh5 20. Rd1 f6 21. f4
Rh6 22. Rd3 Kf7 23. Qe3 Be7 24. Rc1 Bd8 25. Nb5 d5 26. Bf3 Re8 27. Qc5 Be7 28.
Qe3 Bd6 29. g3 Kg8 30. Rxd5 Bf8 31. Rd3 e5 32. Nc7 Rd8 33. Rxd8 Nxd8 34. Rc4
Bd6 35. Nb5 Bd7 36. Na7 Rg6 37. Bd5+ Kh8 38. f5 Rg5 39. Qd2 Nc6 40. Bxc6 bxc6
41. Nxc6 Qxb6+ 42. Kf1 Rxf5+ 43. Kg2 Bxc6+ 44. Kh3 Bd7 45. Kg2 h6 46. Qc2 Qb7+
47. Kg1 Qf3 48. Qc1 e4 49. Rc3 e3 50. Rd3 Bc6 0-1

[Event "Frankfurt Ch A 2018"]
[Site "Ffm-Höchst, BiKuZ"]
[Date "2018.06.04"]
[Round "5.28"]
[White "Weiland, Thomas"]
[Black "Ochmann, Reimund"]
[Result "0-1"]
[WhiteElo "1697"]
[BlackElo "1899"]
[PlyCount "90"]
[EventDate "2018.??.??"]
[WhiteTeam "SV Oberursel"]
[BlackTeam "SK Langen"]

1. c4 c6 2. d4 d5 3. cxd5 cxd5 4. Nf3 Nf6 5. Nc3 Nc6 6. e3 e6 7. Bd2 Bd6 8. Bb5
O-O 9. O-O a6 10. Be2 Bd7 11. h3 Rc8 12. Rc1 Ne4 13. Be1 f5 14. Nd2 Bb8 15. f4
Kh8 16. Nf3 Be8 17. Nxe4 fxe4 18. Ne5 Bxe5 19. fxe5 Rxf1+ 20. Kxf1 Qg5 21. Bf2
Bd7 22. Kg1 Rf8 23. Qe1 h6 24. b4 Be8 25. Bg4 Qe7 26. a3 Na7 27. Be2 Ba4 28.
Bh4 Qe8 29. Qd2 Bb5 30. Bxb5 Qxb5 31. Qb2 Qd3 32. Bf2 Nb5 33. a4 Na3 34. Kh2
Nc4 35. Qc2 Qa3 36. Bg1 Qxb4 37. Rb1 Qe7 38. Qb3 b6 39. Qa2 Qg5 40. Qe2 Rb8 41.
Rf1 b5 42. axb5 Rxb5 43. Rf8+ Kh7 44. Qf1 Rb2 45. Re8 Nd2 0-1

[Event "Frankfurt Ch A 2018"]
[Site "Ffm-Höchst, BiKuZ"]
[Date "2018.06.04"]
[Round "5.29"]
[White "Stock, Jürgen"]
[Black "Dohmes, Swidbert"]
[Result "1-0"]
[WhiteElo "1877"]
[BlackElo "1685"]
[PlyCount "81"]
[EventDate "2018.??.??"]
[WhiteTeam "Sfr. Kelkheim"]
[BlackTeam "SV Hofheim"]

1. d4 d5 2. e3 Bf5 3. Nd2 e6 4. Ngf3 Nd7 5. c3 c5 6. Bb5 Ngf6 7. Ne5 cxd4 8.
exd4 Bd6 9. Ndf3 O-O 10. Bg5 Qc7 11. Bxf6 Nxf6 12. Bd3 Bxd3 13. Qxd3 Rac8 14.
h3 h6 15. O-O Bxe5 16. Nxe5 Nd7 17. f4 Nxe5 18. fxe5 Qc4 19. Qg3 b5 20. a3 a5
21. Rf6 Kh7 22. Rf3 Qe2 23. b4 a4 24. Raf1 Rc7 25. R3f2 Qe4 26. h4 Qg6 27. Qe3
Rfc8 28. Qe2 Rb7 29. h5 Qg3 30. Rf3 Qg4 31. Qd3+ Kg8 32. Rh3 Qg5 33. Rff3 Qc1+
34. Kh2 Qg5 35. Qf1 Rf8 36. Rfg3 Qd8 37. Qf6 g6 38. hxg6 Qxf6 39. exf6 fxg6 40.
Rxg6+ Kh8 41. Rgxh6+ 1-0

[Event "Frankfurt Ch A 2018"]
[Site "Ffm-Höchst, BiKuZ"]
[Date "2018.06.04"]
[Round "5.30"]
[White "Gutacker, Stephan"]
[Black "Ackermann, Robert"]
[Result "1/2-1/2"]
[WhiteElo "1854"]
[BlackElo "1666"]
[PlyCount "49"]
[EventDate "2018.??.??"]
[WhiteTeam "Sfr. Kelkheim"]
[BlackTeam "SC Bad Soden"]

1. e4 d6 2. d4 Nf6 3. Nc3 g6 4. Bg5 Bg7 5. e5 dxe5 6. dxe5 Ng4 7. Qxd8+ Kxd8 8.
Nf3 Nxe5 9. Nxe5 Bxe5 10. O-O-O+ Bd7 11. Bc4 f6 12. Bh6 Kc8 13. Nd5 Bd6 14.
Rhe1 Re8 15. Re2 Nc6 16. Rde1 Kd8 17. Nc3 Ne5 18. Bb3 g5 19. h4 gxh4 20. Bg7
Kc8 21. Rh1 Ng6 22. Bf7 Rd8 23. Ne4 Bf4+ 24. Kb1 c6 25. a3 1/2-1/2

[Event "Frankfurt Ch A 2018"]
[Site "Ffm-Höchst, BiKuZ"]
[Date "2018.06.04"]
[Round "5.31"]
[White "Steiz, Johann"]
[Black "Menning, Uwe"]
[Result "0-1"]
[WhiteElo "1681"]
[BlackElo "1810"]
[PlyCount "106"]
[EventDate "2018.??.??"]
[WhiteTeam "SV Dormagen"]
[BlackTeam "FC Bierstadt"]

1. e4 c6 2. d4 d5 3. Nc3 dxe4 4. Nxe4 Bf5 5. Ng3 Bg6 6. Nf3 Nd7 7. h4 h6 8. Bd3
Bxd3 9. Qxd3 e6 10. Bd2 Ngf6 11. O-O-O Be7 12. Kb1 b5 13. c3 Nb6 14. Ne5 Qd5
15. f3 Rd8 16. Ne2 Qxe5 17. dxe5 Rxd3 18. exf6 Bxf6 19. Kc2 Rd7 20. Be3 Nd5 21.
Bc5 Be7 22. Bf2 O-O 23. Nd4 Rc8 24. b3 Rb7 25. Kb2 Bf6 26. Rd2 c5 27. Ne2 b4
28. Rc1 bxc3+ 29. Nxc3 Nxc3 30. Rxc3 Bxc3+ 31. Kxc3 Kf8 32. a3 Ke8 33. Kc4 Rd7
34. Rxd7 Kxd7 35. Bxc5 g6 36. b4 a6 37. a4 Kc6 38. a5 h5 39. Kd4 Kd7 40. Ke5
Rc6 41. g4 Rc8 42. Kf6 hxg4 43. fxg4 Rh8 44. Kxf7 Rxh4 45. g5 e5 46. Kxg6 Ke6
47. Kg7 Kf5 48. Be7 e4 49. Bc5 Rg4 50. b5 Rxg5+ 51. Kf7 axb5 52. a6 Rg6 53. a7
Ra6 0-1

[Event "Frankfurt Ch A 2018"]
[Site "Ffm-Höchst, BiKuZ"]
[Date "2018.06.04"]
[Round "5.32"]
[White "Stärke, Karsten"]
[Black "Balzereit, Georg"]
[Result "0-1"]
[WhiteElo "1804"]
[BlackElo "1631"]
[PlyCount "100"]
[EventDate "2018.??.??"]
[WhiteTeam "SC Matt im Park"]
[BlackTeam "vereinslos"]

1. e4 c5 2. c3 e5 3. g3 Nf6 4. Bg2 Nc6 5. Ne2 d6 6. O-O Bg4 7. f3 Be6 8. Na3
Qd7 9. d4 cxd4 10. cxd4 Bh3 11. d5 Nb8 12. Be3 Bxg2 13. Kxg2 Be7 14. Rc1 Na6
15. Qb3 Nc5 16. Bxc5 dxc5 17. Nc4 Bd6 18. Qxb7 Rb8 19. Qxd7+ Kxd7 20. Rc2 h5
21. h4 Nh7 22. b3 g5 23. Nc3 gxh4 24. Nxd6 Kxd6 25. gxh4 Nf8 26. Kh3 Ng6 27.
Ne2 Rb4 28. Ng3 Nf4+ 29. Kh2 Ng6 30. Nf5+ Kd7 31. Rxc5 Nf4 32. Rg1 Rbb8 33. Ra5
Kc7 34. Rg7 Kb6 35. Ra4 Rbc8 36. Rc4 Rxc4 37. bxc4 Kc5 38. Rxf7 Kxc4 39. Rxa7
Rb8 40. Ne3+ Kd3 41. Ra3+ Ke2 42. Nc4 Nd3 43. d6 Rg8 44. Rc3 Ne1 45. Nxe5 Kf2
46. f4 Rg2+ 47. Kh3 Rg1 48. Nd3+ Nxd3 49. Rc2+ Kf3 50. Rc3 Rh1# 0-1

[Event "Frankfurt Ch A 2018"]
[Site "Ffm-Höchst, BiKuZ"]
[Date "2018.06.04"]
[Round "5.33"]
[White "Knödler, Marcel"]
[Black "Bittner, Peter"]
[Result "0-1"]
[WhiteElo "1672"]
[BlackElo "1798"]
[PlyCount "50"]
[EventDate "2018.??.??"]
[WhiteTeam "FC Bierstadt"]
[BlackTeam "SC Nied"]

1. c4 Nf6 2. g3 c6 3. Bg2 e5 4. Nc3 Be7 5. e3 O-O 6. Nge2 d5 7. cxd5 cxd5 8. d4
e4 9. Qb3 Nc6 10. Nf4 Bb4 11. Bd2 Bxc3 12. Bxc3 b6 13. O-O Bf5 14. Rac1 Rc8 15.
Bb4 Nxb4 16. Qxb4 Qd7 17. a3 Rc6 18. Rc3 Rxc3 19. bxc3 Rc8 20. Rc1 Bg4 21. h4
h6 22. Kh2 g5 23. hxg5 hxg5 24. Nh3 Kg7 25. Nxg5 Qf5 0-1

[Event "Frankfurt Ch A 2018"]
[Site "Ffm-Höchst, BiKuZ"]
[Date "2018.06.04"]
[Round "5.34"]
[White "Merten, Rainer"]
[Black "Winand, Edgar"]
[Result "0-1"]
[WhiteElo "1670"]
[BlackElo "1797"]
[PlyCount "98"]
[EventDate "2018.??.??"]
[WhiteTeam "SV Frankfurt Nord"]
[BlackTeam "SV Hofheim"]

1. d4 d6 2. c4 g6 3. Nf3 Bg7 4. Nc3 Nc6 5. e3 e5 6. d5 Nce7 7. Be2 h6 8. O-O f5
9. Bd2 Nf6 10. Rc1 g5 11. h3 Ng6 12. Nh2 h5 13. f4 gxf4 14. exf4 e4 15. Be3 b6
16. Nb5 h4 17. Nd4 Nf8 18. b4 Qe7 19. Nc6 Qf7 20. Rf2 Nh5 21. Bxh5 Qxh5 22. Nf1
Qxd1 23. Rxd1 Bd7 24. Bd4 Rg8 25. Bxg7 Rxg7 26. Nd4 Kf7 27. Ne3 Kf6 28. Rc1 Rg3
29. Rc3 a5 30. b5 Rg7 31. Kf1 Ng6 32. Ke1 Ne7 33. a4 Rag8 34. Kf1 Ng6 35. Ne2
Nh8 36. Nd4 Nf7 37. Ne2 Nd8 38. Ra3 Nb7 39. Nc2 Nc5 40. Ne1 Be8 41. Nd4 Bh5 42.
Rd2 Rg3 43. Ra1 Rc3 44. Rc2 Rgg3 45. Rca2 Rxc4 46. Ne2 Bxe2+ 47. Kxe2 Rgc3 48.
Kf1 Rc1 49. Ke2 Nb3 0-1

[Event "Frankfurt Ch A 2018"]
[Site "Ffm-Höchst, BiKuZ"]
[Date "2018.06.04"]
[Round "5.35"]
[White "Mühlbach, Christian"]
[Black "Thomele, Michael"]
[Result "1/2-1/2"]
[WhiteElo "1641"]
[BlackElo "1789"]
[PlyCount "63"]
[EventDate "2018.??.??"]
[WhiteTeam "SK Langen"]
[BlackTeam "SC Obernau"]

1. Nf3 d5 2. c4 e6 3. g3 Nf6 4. Bg2 c6 5. b3 Be7 6. Bb2 O-O 7. O-O Nbd7 8. d3
Re8 9. Nbd2 Bf8 10. Rc1 h6 11. Rc2 e5 12. cxd5 Nxd5 13. a3 N5f6 14. Qa1 e4 15.
Nxe4 Nxe4 16. dxe4 Rxe4 17. Ne5 Rxe5 18. Bxe5 Nxe5 19. Qxe5 Bxa3 20. Qa1 Bf8
21. Rd1 Qb6 22. Qd4 Qxd4 23. Rxd4 Be6 24. b4 a6 25. Be4 Be7 26. Bd3 Bf6 27. Rf4
Rd8 28. h4 Kf8 29. Bc4 Bc8 30. Rc1 Ke7 31. Re4+ Kf8 32. Rf4 1/2-1/2

[Event "Frankfurt Ch A 2018"]
[Site "Ffm-Höchst, BiKuZ"]
[Date "2018.06.04"]
[Round "5.36"]
[White "John, Volkmar"]
[Black "Bergmann, Michael"]
[Result "1/2-1/2"]
[WhiteElo "1611"]
[BlackElo "1787"]
[PlyCount "56"]
[EventDate "2018.??.??"]
[WhiteTeam "SK Herborn"]
[BlackTeam "SF Frankfurt"]

1. Nf3 Nf6 2. c4 g6 3. b4 Bg7 4. Bb2 O-O 5. g3 c6 6. Bg2 d5 7. cxd5 cxd5 8. O-O
e6 9. d3 a6 10. Nbd2 Nc6 11. Qb3 Bd7 12. Rac1 Qe7 13. a3 Rfc8 14. Rc2 Na7 15.
Rfc1 Qe8 16. Ne5 Rxc2 17. Qxc2 Rc8 18. Qb1 Ba4 19. Ndf3 h6 20. Qa1 Rxc1+ 21.
Qxc1 Qc8 22. Qxc8+ Nxc8 23. Bd4 Nd6 24. Kf1 Nb5 25. Bb2 Nd6 26. h3 Nd7 27. Ke1
g5 28. Kd2 Kf8 1/2-1/2

[Event "Frankfurt Ch A 2018"]
[Site "Ffm-Höchst, BiKuZ"]
[Date "2018.06.04"]
[Round "5.37"]
[White "Kautz, Thomas"]
[Black "Saluvar, Bülent"]
[Result "1/2-1/2"]
[WhiteElo "1763"]
[BlackElo "1600"]
[PlyCount "110"]
[EventDate "2018.??.??"]
[WhiteTeam "SK Niederbrechen"]
[BlackTeam "SC Münster"]

1. d4 e6 2. Nf3 d5 3. c4 c6 4. Nc3 f5 5. Bf4 Nf6 6. e3 Bd6 7. Bxd6 Qxd6 8. c5
Qe7 9. Bd3 Nbd7 10. O-O Ne4 11. Qc2 O-O 12. b4 e5 13. b5 Nxc3 14. bxc6 bxc6 15.
Qxc3 e4 16. Be2 exf3 17. Bxf3 Nf6 18. Rab1 Ne4 19. Qa5 f4 20. Rb3 Ng5 21. exf4
Rxf4 22. Re1 Nxf3+ 23. Rxf3 Re4 24. Rxe4 dxe4 25. Rb3 Be6 26. Re3 Rb8 27. Rxe4
Rb1+ 28. Re1 Rxe1+ 29. Qxe1 Qd7 30. Qd2 Qb7 31. h3 Qb1+ 32. Kh2 Qxa2 33. Qf4 h6
34. Qc7 Qa6 35. Qd8+ Kh7 36. Qe7 Bd5 37. Qd7 Qa2 38. Qf5+ Kh8 39. Qc8+ Kh7 40.
Qf5+ Kg8 41. Qc8+ Kf7 42. Qf5+ Kg8 43. Qc8+ Kh7 44. Qf5+ Kh8 45. Qc8+ Bg8 46.
Qxc6 Qxf2 47. Qe4 Qf6 48. d5 a5 49. d6 a4 50. Qe3 Bd5 51. Qe8+ Kh7 52. Qxa4
Qe5+ 53. Kh1 Qe1+ 54. Kh2 Qe5+ 55. Kh1 Qe1+ 1/2-1/2

[Event "Frankfurt Ch A 2018"]
[Site "Ffm-Höchst, BiKuZ"]
[Date "2018.06.04"]
[Round "5.38"]
[White "Diehl, Stefan"]
[Black "Schlumbohm, Nils"]
[Result "1-0"]
[WhiteElo "1725"]
[BlackElo "1581"]
[PlyCount "43"]
[EventDate "2018.??.??"]
[WhiteTeam "SC Höchst"]
[BlackTeam "FV Berkersheim"]

1. f4 g6 2. e3 Bg7 3. Nf3 d6 4. Be2 Nd7 5. O-O c5 6. Nc3 Ngf6 7. d3 b6 8. Qe1
Bb7 9. e4 d5 10. e5 Ng8 11. Ng5 Nf8 12. d4 a6 13. f5 f6 14. exf6 Bxf6 15. fxg6
hxg6 16. Bg4 Bxd4+ 17. Kh1 Nh6 18. Rxf8+ Rxf8 19. Ne6 Qd6 20. Bxh6 Bf2 21. Qe2
Rh8 22. Bf4 1-0

[Event "Frankfurt Ch A 2018"]
[Site "Ffm-Höchst, BiKuZ"]
[Date "2018.06.04"]
[Round "5.40"]
[White "Moritz, Dennis"]
[Black "Rauscher, Joachim"]
[Result "1/2-1/2"]
[WhiteElo "1611"]
[BlackElo "1712"]
[PlyCount "57"]
[EventDate "2018.??.??"]
[WhiteTeam "SK Hungen"]
[BlackTeam "SC Brett vorm Kopp"]

1. d4 d5 2. c4 e6 3. Nc3 Nf6 4. cxd5 exd5 5. Bg5 c6 6. e3 Be7 7. Bd3 O-O 8.
Nge2 Nbd7 9. O-O Re8 10. Qc2 Nf8 11. Rad1 Nh5 12. Bxe7 Qxe7 13. a3 Be6 14. b4
a5 15. Qb2 axb4 16. axb4 Nf6 17. Ra1 N8d7 18. Na4 Qd6 19. Nc5 Nxc5 20. bxc5 Qc7
21. Rxa8 Rxa8 22. Ra1 Qc8 23. Ra3 Rxa3 24. Qxa3 g6 25. Nc1 Kg7 26. Nb3 Bf5 27.
Bf1 Qb8 28. Qb4 Qc7 29. Qa3 1/2-1/2

[Event "Frankfurt Ch A 2018"]
[Site "Ffm-Höchst, BiKuZ"]
[Date "2018.06.04"]
[Round "5.41"]
[White "Lopez, Victor"]
[Black "Kuckel, Michael"]
[Result "1/2-1/2"]
[WhiteElo "1586"]
[BlackElo "1696"]
[PlyCount "89"]
[EventDate "2018.??.??"]
[WhiteTeam "SC Höchst"]
[BlackTeam "SC Matt im Park"]

1. e4 c6 2. d4 d5 3. exd5 cxd5 4. Nf3 Nc6 5. c3 Nf6 6. h3 Bf5 7. Bf4 a6 8. Bd3
Bxd3 9. Qxd3 e6 10. Nbd2 Bd6 11. Ne5 Rc8 12. O-O O-O 13. Rfe1 Bb8 14. Qf3 Nxe5
15. Bxe5 b5 16. Bxb8 Rxb8 17. a3 Qd6 18. Qe3 a5 19. Nb3 Qc7 20. Nc5 Rb6 21. Qe5
Rc8 22. f4 Nd7 23. Qxc7 Rxc7 24. b4 a4 25. f5 Nf8 26. Re3 g6 27. fxe6 Nxe6 28.
Rae1 Rbc6 29. Re5 Rd6 30. R1e3 h6 31. Kf1 Kg7 32. Kf2 Ng5 33. Re7 Rxe7 34. Rxe7
Rc6 35. Re5 Ne4+ 36. Nxe4 dxe4 37. Rc5 Rxc5 38. dxc5 Kf8 39. Ke3 f5 40. g4 Ke7
41. h4 fxg4 42. Kxe4 h5 43. Kf4 Ke6 44. Ke4 Kd7 45. Kf4 1/2-1/2

[Event "Frankfurt Ch A 2018"]
[Site "Ffm-Höchst, BiKuZ"]
[Date "2018.06.04"]
[Round "5.42"]
[White "Wagner, Günter"]
[Black "Breitbach, Stephan"]
[Result "0-1"]
[WhiteElo "1687"]
[BlackElo "1524"]
[PlyCount "92"]
[EventDate "2018.??.??"]
[WhiteTeam "SV Groß-Gerau"]
[BlackTeam "SC Landskrone"]

1. Nf3 Nf6 2. g3 g6 3. Bg2 Bg7 4. O-O O-O 5. c4 c6 6. d3 d5 7. Nbd2 Bf5 8. Re1
Qb6 9. Qb3 Qc7 10. cxd5 cxd5 11. e4 dxe4 12. dxe4 Be6 13. Qa3 Nc6 14. Nb3 Nh5
15. Be3 a5 16. Rac1 Qb8 17. Nbd4 Bd7 18. Nxc6 Bxc6 19. Nd4 Qd6 20. Qxd6 exd6
21. b3 Rac8 22. Rc4 Bxd4 23. Bxd4 Bb5 24. Rcc1 Ng7 25. a4 Ba6 26. Bb6 Ne6 27.
Bh3 Rc6 28. Rxc6 bxc6 29. Bxa5 Nd4 30. Re3 Rb8 31. b4 Nc2 32. Rc3 Nxb4 33. Bd7
c5 34. e5 dxe5 35. Rxc5 Nd3 36. Rd5 Rb1+ 37. Kg2 Bb7 38. Kh3 Bxd5 39. Bb5 Nxf2+
40. Kh4 Rh1 41. Bb6 Rxh2+ 42. Kg5 Ne4+ 43. Kg4 h5+ 44. Kf3 Nc3+ 45. Ke3 Nxb5
46. axb5 Rb2 0-1

[Event "Frankfurt Ch A 2018"]
[Site "Ffm-Höchst, BiKuZ"]
[Date "2018.06.04"]
[Round "5.43"]
[White "Waschke, Thomas"]
[Black "Stricker, Konstantin"]
[Result "0-1"]
[WhiteElo "1531"]
[BlackElo "1645"]
[PlyCount "54"]
[EventDate "2018.??.??"]
[WhiteTeam "SC Bergen-Enkheim"]
[BlackTeam "SC Eschbach"]

1. e4 e6 2. d4 d5 3. e5 c5 4. c3 Nc6 5. Nf3 a6 6. Be2 b5 7. Be3 cxd4 8. cxd4
Nge7 9. Bd3 Nb4 10. Nc3 Nxd3+ 11. Qxd3 Nc6 12. a3 Be7 13. O-O O-O 14. Nd2 b4
15. axb4 Nxb4 16. Qb1 a5 17. Na2 Ba6 18. Nxb4 Bxb4 19. Rc1 Qb6 20. Qa2 Bxd2 21.
Bxd2 Bc4 22. Rxc4 dxc4 23. Qxc4 Rfc8 24. Qa4 Qxb2 25. Be3 h6 26. Bf4 Rc3 27.
Re1 Rc2 0-1

[Event "Frankfurt Ch A 2018"]
[Site "Ffm-Höchst, BiKuZ"]
[Date "2018.06.04"]
[Round "5.44"]
[White "Krischak, Werner"]
[Black "Muthig, Holger"]
[Result "1-0"]
[WhiteElo "1649"]
[BlackElo "1512"]
[PlyCount "69"]
[EventDate "2018.??.??"]
[WhiteTeam "SK Marburg"]
[BlackTeam "vereinslos"]

1. d4 c6 2. Nf3 d5 3. c4 Nf6 4. Nc3 g6 5. e3 Bg7 6. Bd3 O-O 7. O-O Bg4 8. h3
Bxf3 9. Qxf3 e6 10. b3 Nbd7 11. Bb2 Re8 12. Rac1 dxc4 13. bxc4 Qc7 14. e4 e5
15. d5 Rad8 16. Ba3 Qa5 17. Bb2 Nc5 18. Rfd1 cxd5 19. cxd5 Nxd3 20. Qxd3 a6 21.
a4 Nd7 22. Ba3 b5 23. Rb1 bxa4 24. Bb4 Qc7 25. Nxa4 a5 26. Rdc1 Qa7 27. Bd2 Bf8
28. Be3 Qa8 29. Rc7 Bb4 30. Qb5 Qb8 31. Rb7 Qd6 32. Rc1 Nb8 33. Rcc7 Rf8 34.
Bh6 Rc8 35. Bxf8 1-0